Annual review of environment and resources
Αποθηκεύτηκε σε:
| Συγγραφή απο Οργανισμό/Αρχή: | |
|---|---|
| Μορφή: | Περιοδική έκδοση |
| Γλώσσα: | English |
| Δημοσίευση: |
Palo Alto, Calif. :
Annual Reviews, Inc.,
c2003-
|
| Θέματα: | |
| Ετικέτες: |
Προσθήκη ετικέτας
Δεν υπάρχουν, Καταχωρήστε ετικέτα πρώτοι!
|
MARC
| LEADER | 00000nas a2200000 i 4500 | ||
|---|---|---|---|
| 001 | 1/46328 | ||
| 008 | 040107c20039999us r r | |eng|| | ||
| 022 | |a 1543-5938 | ||
| 035 | |l 10071879 | ||
| 040 | |a GR-MY-UA |b gre |e aacr | ||
| 041 | 0 | |a eng | |
| 082 | 0 | |a 333.79 |2 (21) | |
| 245 | 0 | 0 | |a Annual review of environment and resources |h [περιοδικό] |
| 260 | |a Palo Alto, Calif. : |b Annual Reviews, Inc., |c c2003- | ||
| 300 | |a v. ; |c 23 εκ. | ||
| 310 | |a Ετήσιο | ||
| 650 | 0 | 0 | |a Power resources |x Periodicals. |
| 650 | 0 | 0 | |a Energy policy |x Periodicals. |
| 650 | 0 | 0 | |a Energy policy |x Environmental aspects |x Periodicals. |
| 650 | 0 | 0 | |a Environmental policy |x Periodicals. |
| 710 | 2 | |a Annual Reviews, Inc. | |
| 853 | |a INST |b LESVOS |c SER |h 333.79 | ||
| 922 | |a 1ΕΛΗ |b 198901 |c ΤΜΗΜΑ ΠΕΡΙΒΑΛΛΟΝΤΟΣ |d SWETS | ||
| 970 | |a ΤΖΑΦΕΡΗ |b ΕΥΑΓΓΕΛΙΑ |z 2004/01/07 | ||